| 000 | 00369nam a2200121Ia 4500 | ||
|---|---|---|---|
| 008 | 160609s9999 xx 000 0 und d | ||
| 100 | _aArmour, Kathleen. | ||
| 245 | _aSport Pedagogy: An Introduction For Teaching And Coaching | ||
| 245 | _cBy:Kathleen Armour | ||
| 260 | _c2011 | ||
| 650 | _xSPORTS ED | ||
| 856 | _uhttp://file.ebook777.com/SpoPedAnIntForTeaAndCoa.pdf | ||
| 999 |
_c295919 _d295919 |
||